Database access with Visual basic 6 / (Record no. 9715)
[ view plain ]
| 000 -LEADER | |
|---|---|
| fixed length control field | 00431cam a2200169ua 4500 |
| 041 ## - LANGUAGE CODE | |
| Language code of text/sound track or separate title | eng |
| 082 ## - DEWEY DECIMAL CLASSIFICATION NUMBER | |
| Classification number | 005.133 |
| Item number | MCM/DA |
| 100 ## - MAIN ENTRY--AUTHOR NAME | |
| Personal name | McManus, Jeffrey P . |
| 245 ## - TITLE STATEMENT | |
| Title | Database access with Visual basic 6 / |
| 260 ## - PUBLICATION, DISTRIBUTION, ETC. (IMPRINT) | |
| Place of publication | New Delhi : |
| Name of publisher | Tech Media , |
| Year of publication | 1999. |
| 300 ## - PHYSICAL DESCRIPTION | |
| Number of Pages | 811 ; . |
| 942 ## - ADDED ENTRY ELEMENTS (KOHA) | |
| Koha item type | Books |
| Withdrawn status | Lost status | Damaged status | Home library | Current library | Date acquired | Full call number | Accession Number | Koha item type |
|---|---|---|---|---|---|---|---|---|
| KAUAET | KAUAET | 07/04/2012 | 005.133 | 20431 | Books |
